01938cam a22003614i 4500003000900000005001700009008004100026020001800067035002700085040003300112082002100145100002800166245013300194264004500327300005500372336002100427337002500448338002300473505091000496526001001406526001001416526001001426526001001436526000801446526000801454526000801462526000801470526000801478526000801486526000801494541001701502650005701519PE-LiUPU20250731173424.0150706s2010 flua r 000 0 spa d a9780829757286 a(Sirsi) i9780829757286 aPE-LiUPUbspacPE-LiUPUerda04a289.322bA572211 aAnderson, Ross,eautor.11a¿Cuál es el mensaje del libro de mormón? :buna guía cristiana y breve al libro sagrado de los mormones /cRoss Anderson. 1aMiami, Florida :bEditorial Vida,c2010. a122 páginas :bilustraciones ;c18 centímetros atext2rdacontent aunmediated2rdamedia avolume2rdacarrier0 aLa Biblia de Oro: ¿cuál es el libro de mormón? -- Un relato de dos civilizaciones: ¿Sobre qué es el libro de mormón? - Los misteriosos orígenes del libro de mormón: ¿de dónde salió el libro de mormón? - La plenitud del evangelio eterno? ¿Qué es lo que enseña libro de mormón? - Nuevas Escrituras de los últimos días: ¿De qué modo se relaciona el Libro de Mormón con otras Escrituras de los Santos de los Últimos Días? -- Otro Testamento de Jesucristo: ¿De qué forma se relaciona el Libro de Mormón con la Biblia? -- En busca de una civilización perdida: ¿Es el libro de mormón realmente un libro antiguo? -- La piedra angular de la fe mormona: ¿De qué manera usan los Santos de los Últimos Días el Libro de Mormón? -- Con amabilidad y respeto: ¿De qué manera podemos hablarles a los Santos de los Últimos Días sobre el Libro de Mormón? aSEG42 aSEG41 aSEG40 aSEG39 aP94 aP87 aP86 aP85 aP77 aP76 aP35 g001-0000607;04aLibro de MormónxCrítica, interpretación, etc.